| 000 | 00721nam a2200205 u 4500 | ||
|---|---|---|---|
| 001 | 000632090 | ||
| 003 | AM-YeHGA | ||
| 005 | 20250617140506.0 | ||
| 008 | 090213s1962 ||| r 000 0 rus d | ||
| 040 | _aAM-YeHGA | ||
| 041 | 0 | _arus | |
| 100 | 1 | _aСуворов, Владимир Васильевич | |
| 245 | 1 | 0 |
_aГорох кормовой : _b(Пелюшка) / _cВ.В. Суворов, В.А. Громова. |
| 260 |
_aЛенинград : _bЛениздат, _c1962. |
||
| 300 |
_a80 с. : _bил. |
||
| 440 | 0 | _aВсе новое, передовое-на поля и фермы! | |
| 653 | 0 | _aГорох кормовой - Возделывание | |
| 700 | 1 | _aГромова, В.А. | |
| 090 | _c222405 | ||
| 999 |
_c220874 _d220874 |
||